Welcome to the Holygrace Academy Library

Please use search bar below to get started

PUNNARAM PAVA (Record no. 1792)

MARC details
000 -LEADER
fixed length control field 00287nam a22001337a 4500
082 ## - DEWEY DECIMAL CLASSIFICATION NUMBER
Classification number 894.812.3
Item number MOH/P
100 ## - MAIN ENTRY--AUTHOR NAME
Personal name MOHANKUMAR, EZHAMKULAM
245 ## - TITLE STATEMENT
Title PUNNARAM PAVA
250 ## - EDITION STATEMENT
Edition statement FIRST
260 ## - PUBLICATION, DISTRIBUTION, ETC. (IMPRINT)
Place of publication KOLLAM
Name of publisher NALAY BOOKS
Year of publication 2001
300 ## - PHYSICAL DESCRIPTION
Number of Pages 43
650 ## - SUBJECT ADDED ENTRY--TOPICAL TERM
Topical Term STORY
Geographic subdivision KERALA
942 ## - ADDED ENTRY ELEMENTS (KOHA)
Koha item type Books
Holdings
Withdrawn status Lost status Collection code Home library Current library Shelving location Date acquired Source of acquisition Cost, normal purchase price Full call number Accession Number Koha item type
    Fiction Main Library Main Library SHELF-6C MALAYALAM SHORT STORIES 08/01/2005 PURCHASE 32.00 894.812.3 MOH/P 01048 Books